Construction and housing (Record no. 120959)

MARC details
000 -LEADER
fixed length control field 00860cai a22002055a 4500
001 - CONTROL NUMBER
control field L155101
008 - FIXED-LENGTH DATA ELEMENTS--GENERAL INFORMATION
fixed length control field 120301u2012 pl g 000 0 eng d
035 ## - SYSTEM CONTROL NUMBER
System control number (Sirsi) u155101
041 0# - LANGUAGE CODE
Language code of text/sound track or separate title eng
110 2# - MAIN ENTRY--CORPORATE NAME
Corporate name or jurisdiction name as entry element Instituto Nacional de Estadistica
9 (RLIN) 4559
245 00 - TITLE STATEMENT
Title Construction and housing
Remainder of title construction statistics
Medium [electronic resource]
260 ## - PUBLICATION, DISTRIBUTION, ETC.
Place of publication, distribution, etc. Madrid
Name of publisher, distributor, etc. INE
Date of publication, distribution, etc. 2012
520 ## - SUMMARY, ETC.
Summary, etc. Statistics for the construction industry in Spain. Information is presented on the structure of the construction industry, municipal construction permits, official tenders for construction and construction supervision visas.
590 ## - LOCAL NOTE (RLIN)
Local note KA
650 24 - SUBJECT ADDED ENTRY--TOPICAL TERM
Topical term or geographic name entry element BUILDING COST INDEX
651 #4 - SUBJECT ADDED ENTRY--GEOGRAPHIC NAME
Geographic name Spain
690 ## - LOCAL SUBJECT ADDED ENTRY--TOPICAL TERM (OCLC, RLIN)
Topical term or geographic name as entry element Cost management
9 (RLIN) 6233
856 40 - ELECTRONIC LOCATION AND ACCESS
Uniform Resource Identifier <a href="https://www.ine.es/jaxi/menu.do?type=pcaxis&path=%2Ft07%2Fa081&file=inebase&L=1">https://www.ine.es/jaxi/menu.do?type=pcaxis&path=%2Ft07%2Fa081&file=inebase&L=1</a>
Public note View the site at www.ine.es
942 ## - ADDED ENTRY ELEMENTS (KOHA)
Suppress in OPAC 0
Holdings
Withdrawn status Lost status Source of classification or shelving scheme Damaged status Not for loan Home library Current library Shelving location Date acquired Total Checkouts Full call number Barcode Date last seen Copy number Price effective from Koha item type
    Dewey Decimal Classification     Virtual Virtual Online 01/03/2012   WEB-SITE 155101-2001 06/08/2019 1 06/08/2019 Online material